000
00351nam a22001697a 4500
003
SGT
020
_a
9789389309317
082
_a
612
_b
C21D
100
_a
DAMS
245
_a
CONCEPT BOOK PHYSIOLOGY
250
_a
1ST
260
_a
INDIA
_b
DAMS PUB
_c
2021
300
_a
333
650
_a
HUMAN PHYSIOLOGY
653
_a
EXAM BOOK
942
_2
ddc
_c
BK
999
_c
22479
_d
22479